Full Duplex Communication System on ADALM PLUTO / (Record no. 611792)
[ view plain ]
| 000 -LEADER | |
|---|---|
| fixed length control field | 01957nam a22001817a 4500 |
| 003 - CONTROL NUMBER IDENTIFIER | |
| control field | NUST |
| 005 - DATE AND TIME OF LATEST TRANSACTION | |
| control field | 20240925104255.0 |
| 082 ## - DEWEY DECIMAL CLASSIFICATION NUMBER | |
| Classification number | 621.382,SAQ |
| 100 ## - MAIN ENTRY--PERSONAL NAME | |
| Personal name | Saqib, Muhammad Abdullah |
| 9 (RLIN) | 126069 |
| 245 ## - TITLE STATEMENT | |
| Title | Full Duplex Communication System on ADALM PLUTO / |
| Statement of responsibility, etc. | Capt Muhammad Abdullah Saqib, Capt Akbar Hussain, Capt Samad Ateeq. |
| 260 ## - PUBLICATION, DISTRIBUTION, ETC. | |
| Place of publication, distribution, etc. | MCS, NUST |
| Name of publisher, distributor, etc. | Rawalpindi |
| Date of publication, distribution, etc. | 2024 |
| 300 ## - PHYSICAL DESCRIPTION | |
| Extent | 59 p |
| 505 ## - FORMATTED CONTENTS NOTE | |
| Formatted contents note | The integration of cost-effective equipment, such as the analog devices ADALM PLUTO platform, with sophisticated simulation tools like Simulink, presents a groundbreaking opportunity within the realm of analog and digital communications. This project delves into the practical aspects and potential applications of full-duplex communication systems, leveraging the functionalities offered by the ADALM PLUTO platform and Simulink. The project's focal points include the reception of signals, the design of a Double-Sideband Suppressed Carrier (DSBSC) Modulated Signal, the creation of a Quadrature Amplitude Modulation (QAM) transceiver, and the transmission of images using QAM. Through a comprehensive approach encompassing theoretical exploration, simulation-based analysis, and hands-on experimentation, the project seeks to showcase the effectiveness of full-duplex communication in enhancing spectral efficiency and data throughput. The literature review highlights the existing research concerning the ADALM PLUTO, Simulink and other modulation techniques for Self-interference cancellation and its educational implementation. The research objective is a direct bridge between the advancement of knowledge and practical applications which lead to a full duplex communication system. This will ultimately help in developing and progressing the wireless technology, thus promoting and fostering innovation. |
| 650 ## - SUBJECT ADDED ENTRY--TOPICAL TERM | |
| Topical term or geographic name entry element | UG EE Project |
| 9 (RLIN) | 118090 |
| 651 ## - SUBJECT ADDED ENTRY--GEOGRAPHIC NAME | |
| Geographic name | BEE-57 |
| 9 (RLIN) | 125983 |
| 700 ## - ADDED ENTRY--PERSONAL NAME | |
| Personal name | Supervisor Dr. Hussain Ali |
| 9 (RLIN) | 118095 |
| 942 ## - ADDED ENTRY ELEMENTS (KOHA) | |
| Source of classification or shelving scheme | |
| Koha item type | Project Report |
No items available.
